| 000 | 01532nam a2200301 u 4500 | ||
|---|---|---|---|
| 001 | 209990 | ||
| 003 | AM-YEHGA | ||
| 005 | 20250618080126.0 | ||
| 008 | 030710s1990 ru |||||||||||||||0|rus|d | ||
| 020 | _a5244003844 | ||
| 040 | _aAM-YeHGA | ||
| 041 | 1 |
_arus _hger |
|
| 100 | 1 |
_aГегель, Георг Вильгельм Фридрих, _d1770-1831 |
|
| 245 | 1 | 0 |
_aФилософия права / _cГеорг Вильгельм Фридрих Гегель ; [Авт. вступ. ст., примеч. В.С. Нерсесянц ; Пер. с нем. Б.Г. Столпнера, М.И. Левиной] ; АН СССР. Ин-т философии. |
| 260 |
_aМосква : _bМысль, _c1990. |
||
| 300 |
_a528 с. ; _c22 см. |
||
| 440 | 0 |
_aФилософское наследие ; _vТ. 113 |
|
| 504 | _aБиблиогр. в подстроч. примеч. и в конце кн. : с. 484-499 | ||
| 650 | 1 | 4 |
_aФилософия _xИстория _zГермания |
| 650 | 1 | 4 |
_aГосударство и право _xФилософские проблемы |
| 650 | 1 | 4 | _aКлассическая немецкая идеалистическая философия |
| 700 | 1 |
_aՆերսեսյանց, Վլադիկ Սմբատի, _d1938-2005 _eавт. предисл. _4aui _91546 |
|
| 700 | 1 |
_aСтолпнер, Борис Григорьевич _eпер. _4trl |
|
| 700 | 1 |
_aЛевина, М.И. _eпер. _4trl |
|
| 710 | 2 | _aИнститут философии АН СССР | |
| 942 |
_2udc _cBK |
||
| 090 | _c567074 | ||
| 999 |
_c528781 _d528781 |
||